[Event "First Saturday FM-B March 2014"]
[Site "Budapest"]
[Date "2014.03.08"]
[Round "6.3"]
[White "Oberfrank, Istvan"]
[Black "Ongut, Tamas Gunes"]
[Result "0-1"]
[WhiteElo "1820"]
[BlackElo "1531"]
[PlyCount "106"]
[EventDate "2014.03.01"]

1. e4 c5 2. Nf3 d6 3. d4 cxd4 4. Nxd4 Nf6 5. Nc3 g6 6. Qe2 Bd7 7. Bd2 Nc6 8.
Nb3 Bg7 9. O-O-O O-O 10. f3 Ne5 11. h3 Rc8 12. Qf2 a6 13. f4 Nc4 14. Bxc4 Rxc4
15. Rhe1 Ne8 16. Nd5 Bc6 17. Ba5 b6 18. Bxb6 Qd7 19. Ne3 Rb4 20. Ba5 Rb8 21.
Nc4 Qb7 22. Qe3 Nf6 23. Ncd2 Qb5 24. Kb1 Nd7 25. Bc3 Bxc3 26. Qxc3 Rfc8 27. Qa5
Qb7 28. Qa3 Bb5 29. Nd4 Nc5 30. Ka1 Bd7 31. g4 Qa7 32. N2b3 Nxb3+ 33. cxb3 a5
34. e5 Rb4 35. e6 fxe6 36. Nxe6 Bxe6 37. Rxe6 Qc7 38. Rb1 Rxf4 39. Ree1 e5 40.
b4 Rxb4 41. Qf3 Qc4 42. Red1 e4 43. Qf6 Rb6 44. Rxd6 Rxd6 45. Qxd6 a4 46. Qe7
Qc2 47. a3 Qc6 48. Rf1 Rb8 49. Re1 Re8 50. Qa7 e3 51. Qd4 Qf3 52. Qxa4 Re4 53.
g5 Rxa4 0-1

[Event "First Saturday FM-B March 2014"]
[Site "Budapest"]
[Date "2014.03.08"]
[Round "6.4"]
[White "Greibrokk, Ingrid Andrea"]
[Black "Szlenka, Attila"]
[Result "1/2-1/2"]
[WhiteElo "1630"]
[BlackElo "1804"]
[PlyCount "58"]
[EventDate "2014.03.01"]

1. e4 Nf6 2. e5 Nd5 3. d4 d6 4. c4 Nb6 5. f4 dxe5 6. fxe5 Nc6 7. Be3 Bf5 8. a3
e6 9. Nf3 Be7 10. Nc3 Bg4 11. Qd2 Bxf3 12. gxf3 Bh4+ 13. Kd1 Qd7 14. Kc2 O-O-O
15. Rd1 Qe7 16. c5 Nd5 17. Nxd5 Rxd5 18. Bc4 Rdd8 19. Qc3 f6 20. f4 g5 21. exf6
Qxf6 22. fxg5 Bxg5 23. Bxg5 Qxg5 24. Bxe6+ Kb8 25. d5 Qg2+ 26. Kb1 Ne7 27. c6
Qg6+ 28. Ka1 Nxc6 29. dxc6 Qxe6 1/2-1/2

[Event "First Saturday FM-B March 2014"]
[Site "Budapest"]
[Date "2014.03.08"]
[Round "6.5"]
[White "Jacobsen, Elise Sjottem"]
[Black "Szurkos, Andras"]
[Result "1-0"]
[WhiteElo "1672"]
[BlackElo "1740"]
[PlyCount "69"]
[EventDate "2014.03.01"]

1. e4 e5 2. Nf3 Nc6 3. d4 exd4 4. Bc4 Be7 5. c3 Na5 6. Bd3 dxc3 7. Nxc3 d6 8.
Nd4 Bd7 9. f4 Bh4+ 10. g3 Bf6 11. Be3 Ne7 12. O-O c5 13. Ndb5 Bxb5 14. Bxb5+
Nac6 15. e5 dxe5 16. fxe5 Bxe5 17. Qh5 O-O 18. Bxc6 Nxc6 19. Bxc5 Bd4+ 20. Kg2
Bxc5 21. Qxc5 Qb6 22. Qxb6 axb6 23. Nd5 b5 24. Rf3 f6 25. Nc7 Ra5 26. a3 Rc8
27. Nd5 Kf7 28. Re1 Ne5 29. Rxe5 Rc2+ 30. Kh3 Rxb2 31. Re7+ Kg6 32. Nf4+ Kh6
33. Ne6 b4 34. Rxg7 f5 35. Rf4 1-0

[Event "First Saturday FM-B March 2014"]
[Site "Budapest"]
[Date "2014.03.09"]
[Round "7.1"]
[White "Szurkos, Andras"]
[Black "Bensaid, Simon"]
[Result "1-0"]
[WhiteElo "1740"]
[BlackElo "1782"]
[PlyCount "133"]
[EventDate "2014.03.01"]

1. e4 d5 2. exd5 Qxd5 3. Nc3 Qd6 4. Nf3 Nf6 5. Nb5 Qb6 6. d4 a6 7. Nc3 Qd6 8.
Bd3 Nc6 9. O-O Bg4 10. Be3 O-O-O 11. Be2 Bxf3 12. Bxf3 Nxd4 13. Bxd4 Qxd4 14.
Qe2 Qb6 15. Qc4 e6 16. Rad1 Rxd1 17. Rxd1 Qb4 18. Qe2 Bd6 19. Rb1 h5 20. a3 Qf4
21. g3 Qe5 22. Qd2 Qf5 23. Qd3 Qxd3 24. cxd3 Nd7 25. b4 Ne5 26. Be2 Nc6 27. b5
Nd4 28. bxa6 Nxe2+ 29. Nxe2 bxa6 30. a4 Kd7 31. Kg2 Kc6 32. Rc1+ Kd5 33. Rc4
Rb8 34. f4 c5 35. Kf3 Kc6 36. h3 Kd7 37. g4 hxg4+ 38. hxg4 Rb4 39. Nc3 Rxc4 40.
dxc4 Kc6 41. g5 Kb6 42. Ne4 Be7 43. Ke3 Ka5 44. Nc3 Kb4 45. Kd3 Kb3 46. a5 Kb4
47. f5 exf5 48. Nd5+ Kxa5 49. Nxe7 g6 50. Nd5 Ka4 51. Kc3 Ka3 52. Nf4 Ka4 53.
Nd3 Ka5 54. Nxc5 Kb6 55. Nd7+ Kc7 56. Ne5 f4 57. Kd4 a5 58. Kc5 a4 59. Kb4 a3
60. Kxa3 Kd6 61. Nd3 f6 62. gxf6 Ke6 63. Nxf4+ Kxf6 64. Kb4 g5 65. Nh5+ Ke6 66.
Kc5 Kd7 67. Kb6 1-0

[Event "First Saturday FM-B March 2014"]
[Site "Budapest"]
[Date "2014.03.09"]
[Round "7.2"]
[White "Szlenka, Attila"]
[Black "Jacobsen, Elise Sjottem"]
[Result "0-1"]
[WhiteElo "1804"]
[BlackElo "1672"]
[PlyCount "84"]
[EventDate "2014.03.01"]

1. g3 e5 2. Bg2 f5 3. c4 Nc6 4. Nc3 Nf6 5. d3 Be7 6. e3 O-O 7. Nge2 d6 8. O-O
Qe8 9. a3 g5 10. f4 h6 11. b4 Kh8 12. d4 Rg8 13. b5 Nd8 14. fxe5 dxe5 15. Nd5
Nxd5 16. Bxd5 Rg6 17. Nc3 e4 18. c5 Bd7 19. Bc4 c6 20. a4 b6 21. bxc6 Nxc6 22.
cxb6 axb6 23. Bb2 Rc8 24. Be2 Rg8 25. Qb3 Bd8 26. Nb5 Na5 27. d5+ Kh7 28. Qb4
Be7 29. d6 Bd8 30. Rac1 Nc6 31. Qd2 Rf8 32. Bc3 f4 33. exf4 Bh3 34. Rf2 e3 35.
Bd3+ Bf5 36. Bxf5+ Rxf5 37. Qd3 exf2+ 38. Kxf2 Qg6 39. d7 Ra8 40. Nd6 Rxf4+ 41.
Ke2 Rf2+ 42. Ke3 Rf3+ 0-1

[Event "First Saturday FM-B March 2014"]
[Site "Budapest"]
[Date "2014.03.09"]
[Round "7.3"]
[White "Ongut, Tamas Gunes"]
[Black "Greibrokk, Ingrid Andrea"]
[Result "0-1"]
[WhiteElo "1531"]
[BlackElo "1630"]
[PlyCount "94"]
[EventDate "2014.03.01"]

1. e4 c5 2. Nf3 d6 3. d4 cxd4 4. Nxd4 Nf6 5. Nc3 g6 6. Be3 Bg7 7. Be2 O-O 8. f3
Nc6 9. O-O Qb6 10. Ncb5 a6 11. Nf5 Qd8 12. Nxg7 axb5 13. Bh6 Qb6+ 14. Kh1 Rd8
15. c3 Kh8 16. Qb3 Ng8 17. Bf4 Kxg7 18. Bxb5 Be6 19. c4 Nf6 20. Be3 Qc7 21.
Rfd1 Na7 22. Bxa7 Rxa7 23. Rac1 Bd7 24. a3 Bxb5 25. Qxb5 Qa5 26. Qxa5 Rxa5 27.
Kg1 Rc8 28. Kf2 Rac5 29. b3 b5 30. Rd4 bxc4 31. Rdxc4 Rxc4 32. Rxc4 Rxc4 33.
bxc4 Nd7 34. Ke3 e5 35. Kd3 Nc5+ 36. Kc3 f5 37. exf5 gxf5 38. g3 Kg6 39. Kd2 h5
40. Ke3 h4 41. Kd2 Kg5 42. Ke3 hxg3 43. hxg3 e4 44. Ke2 exf3+ 45. Kxf3 Na4 46.
Kf2 Kg4 47. Kg2 Nb6 0-1

[Event "First Saturday FM-B March 2014"]
[Site "Budapest"]
[Date "2014.03.09"]
[Round "7.4"]
[White "Machlik, Endre"]
[Black "Oberfrank, Istvan"]
[Result "1-0"]
[WhiteElo "1763"]
[BlackElo "1820"]
[PlyCount "43"]
[EventDate "2014.03.01"]

1. d4 Nf6 2. c4 g6 3. Nc3 Bg7 4. e4 d6 5. f4 e5 6. dxe5 dxe5 7. Qxd8+ Kxd8 8.
fxe5 Ng4 9. Bg5+ Ke8 10. Nf3 Nxe5 11. Nd5 Nxf3+ 12. gxf3 Na6 13. O-O-O Bd7 14.
c5 c6 15. Nf6+ Bxf6 16. Bxf6 Rg8 17. Bxa6 bxa6 18. Rd6 Rb8 19. Rhd1 Rb7 20.
Rxc6 Rb8 21. Rcd6 Rb7 22. c6 1-0

[Event "First Saturday FM-B March 2014"]
[Site "Budapest"]
[Date "2014.03.10"]
[Round "8.1"]
[White "Bensaid, Simon"]
[Black "Lakat, Gyula"]
[Result "1-0"]
[WhiteElo "1782"]
[BlackElo "1789"]
[PlyCount "85"]
[EventDate "2014.03.01"]

1. e4 c5 2. Nf3 d6 3. d4 cxd4 4. Nxd4 Nf6 5. Nc3 a6 6. g3 e5 7. Nb3 Be6 8. Bg2
Be7 9. O-O O-O 10. Re1 b5 11. a4 b4 12. Nd5 Nxd5 13. exd5 Bf5 14. Bd2 a5 15. c3
Na6 16. Qe2 Bc2 17. Nc1 b3 18. Ra3 Nc5 19. Be3 Rb8 20. Bxc5 dxc5 21. Qc4 Qb6
22. f4 Bd6 23. fxe5 Rfe8 24. e6 f6 25. Kh1 Qc7 26. Bf1 Rb7 27. Nd3 g5 28. Raa1
h5 29. Nf2 Bg6 30. Ne4 Bxe4+ 31. Qxe4 Qg7 32. Bb5 Rf8 33. Rf1 Kh8 34. Rf5 Qh6
35. Bd7 Qg7 36. Re1 Qe7 37. Qe2 Kg7 38. Bb5 Rh8 39. Bd3 Rh6 40. Ref1 Kh8 41.
Rxf6 Rxf6 42. Qxh5+ Kg8 43. Qxg5+ 1-0

[Event "First Saturday FM-B March 2014"]
[Site "Budapest"]
[Date "2014.03.10"]
[Round "8.2"]
[White "Oberfrank, Istvan"]
[Black "Jarai, Csenge"]
[Result "1-0"]
[WhiteElo "1820"]
[BlackElo "1523"]
[PlyCount "169"]
[EventDate "2014.03.01"]

1. d4 Nf6 2. Bf4 g6 3. e3 Bg7 4. Bd3 O-O 5. c3 d6 6. Bg3 c5 7. Ne2 Nc6 8. O-O
Bd7 9. Nd2 Rc8 10. f3 cxd4 11. exd4 e5 12. Bf2 exd4 13. Nxd4 Nd5 14. N2b3 a5
15. Nxc6 bxc6 16. Be4 Be6 17. Nd4 Qg5 18. Nxe6 fxe6 19. Bxd5 cxd5 20. Qc1 Qd8
21. Qd2 a4 22. a3 Qa5 23. Rfd1 Rf7 24. Rac1 Rb7 25. Rc2 Rc4 26. g3 Rb5 27. Qe3
e5 28. Rcd2 Kf7 29. Qa7+ Qxa7 30. Bxa7 Ke6 31. Kf1 Rc7 32. Be3 Bf8 33. Ke2 Rcb7
34. Rb1 Rb3 35. Rc2 Rxa3 36. Rd1 Rab3 37. Bc1 Be7 38. h4 Rc7 39. Rcd2 Rb5 40.
Rd3 Bf6 41. Re3 Rc4 42. Kd3 Bd8 43. Re2 Ba5 44. Rc2 Rc8 45. Be3 d4 46. Bd2 dxc3
47. bxc3 Rd5+ 48. Ke2 Rdc5 49. Kd3 a3 50. Ra1 Bb4 51. Rac1 Rd5+ 52. Ke2 Rdc5
53. Kd3 Ba5 54. Ra2 Rb8 55. Rxa3 Rb2 56. Be3 Rcb5 57. f4 exf4 58. Bxf4 Rg2 59.
Re1+ Kd7 60. Re2 Rg1 61. c4 Rc5 62. Ra4 h6 63. Kc2 Rf5 64. Kd3 d5 65. c5 Rd1+
66. Ke3 d4+ 67. Rxd4+ Rxd4 68. Kxd4 h5 69. c6+ Kxc6 70. Re6+ Kd7 71. Rxg6 Bd8
72. Ke4 Rb5 73. Rd6+ Ke7 74. Rd5 Rb4+ 75. Kf5 Rb3 76. Kg6 Bb6 77. Kxh5 Bf2 78.
Rg5 Bd4 79. Rg6 Kf7 80. Ra6 Rb2 81. Rc6 Rb7 82. Kg4 Rb5 83. h5 Rb8 84. Rc7+ Kg8
85. h6 1-0

[Event "First Saturday FM-B March 2014"]
[Site "Budapest"]
[Date "2014.03.10"]
[Round "8.3"]
[White "Greibrokk, Ingrid Andrea"]
[Black "Machlik, Endre"]
[Result "0-1"]
[WhiteElo "1630"]
[BlackElo "1763"]
[PlyCount "64"]
[EventDate "2014.03.01"]

1. e4 c6 2. d4 d5 3. e5 Bf5 4. h4 h5 5. Bd3 Bxd3 6. Qxd3 e6 7. Bg5 Be7 8. Nf3
Nh6 9. Nbd2 Nd7 10. c3 Nf5 11. Nf1 Bxg5 12. Nxg5 Nxh4 13. Rxh4 Qxg5 14. Qh3
O-O-O 15. Ne3 Nf8 16. f4 Qh6 17. g4 Ng6 18. Rxh5 Nxf4 19. Rxh6 Nxh3 20. Rxh8
Rxh8 21. O-O-O Nf2 22. Rf1 Rh2 23. Kb1 Kd8 24. a4 Ke7 25. Ka2 Nd3 26. Nd1 Rg2
27. Rf3 Rd2 28. Rf1 c5 29. Kb3 c4+ 30. Ka3 Rg2 31. a5 Rxg4 32. Nf2 Rf4 0-1

[Event "First Saturday FM-B March 2014"]
[Site "Budapest"]
[Date "2014.03.10"]
[Round "8.4"]
[White "Jacobsen, Elise Sjottem"]
[Black "Ongut, Tamas Gunes"]
[Result "1-0"]
[WhiteElo "1672"]
[BlackElo "1531"]
[PlyCount "53"]
[EventDate "2014.03.01"]

1. e4 e5 2. Nf3 Nc6 3. d4 exd4 4. Bc4 Be7 5. O-O d6 6. Nxd4 Nf6 7. Nc3 Bd7 8.
h3 O-O 9. f4 Nxd4 10. Qxd4 Bc6 11. g4 b6 12. Qd3 Nxe4 13. Bxf7+ Rxf7 14. Nxe4
d5 15. Ng3 Bc5+ 16. Kh2 d4 17. Bd2 Qd5 18. Rf2 g6 19. Re1 Qd7 20. Ne4 Bxe4 21.
Rxe4 Re8 22. Rxe8+ Qxe8 23. b4 Bd6 24. Qxd4 Qa4 25. Bc3 Kf8 26. Qh8+ Ke7 27.
Re2+ 1-0

[Event "First Saturday FM-B March 2014"]
[Site "Budapest"]
[Date "2014.03.10"]
[Round "8.5"]
[White "Szurkos, Andras"]
[Black "Szlenka, Attila"]
[Result "0-1"]
[WhiteElo "1740"]
[BlackElo "1804"]
[PlyCount "118"]
[EventDate "2014.03.01"]

1. e4 c5 2. d4 cxd4 3. Bc4 Nc6 4. Nf3 e6 5. O-O Be7 6. Nxd4 a6 7. a4 Qc7 8. c3
Nf6 9. Bd3 h5 10. f4 Bc5 11. Bc2 Qb6 12. Kh1 Nxd4 13. cxd4 Bxd4 14. a5 Qa7 15.
Ra4 e5 16. fxe5 Bxe5 17. Qf3 b5 18. axb6 Qxb6 19. Nc3 Qc7 20. Bb3 Bxc3 21. bxc3
Bb7 22. Bd5 Bxd5 23. exd5 O-O 24. Bg5 Ng4 25. Bf4 Qc5 26. h3 Nf6 27. Rd4 g6 28.
Bh6 Nh7 29. Bxf8 Rxf8 30. g4 h4 31. Qe3 g5 32. Rf5 f6 33. d6 Qc6+ 34. Rfd5 f5
35. Kg1 f4 36. Qd3 Kg7 37. Rc4 Qa8 38. Qd4+ Kh6 39. Rc7 Rf7 40. Ra7 Qb8 41.
Rxa6 Qb1+ 42. Qd1 Qe4 43. Rd4 Qe3+ 44. Kf1 Qxh3+ 45. Ke1 Qxc3+ 46. Qd2 Qg3+ 47.
Kd1 Qxg4+ 48. Kc2 Qf5+ 49. Qd3 f3 50. Ra1 Qxd3+ 51. Kxd3 Nf6 52. Ke3 g4 53. Kf4
f2 54. Rf1 g3 55. Kf3 Nh5+ 56. Kg4 Rf4+ 57. Rxf4 Nxf4 58. Kxf4 g2 59. Rxf2 g1=Q
0-1

[Event "First Saturday FM-B March 2014"]
[Site "Budapest"]
[Date "2014.03.11"]
[Round "9.1"]
[White "Szlenka, Attila"]
[Black "Bensaid, Simon"]
[Result "1-0"]
[WhiteElo "1804"]
[BlackElo "1782"]
[PlyCount "97"]
[EventDate "2014.03.01"]

1. g3 Nf6 2. Bg2 e5 3. c4 d5 4. cxd5 Nxd5 5. Nc3 Nb6 6. d3 Be7 7. Nf3 Nc6 8.
O-O O-O 9. a3 Be6 10. b4 f6 11. Qc2 Nd4 12. Nxd4 exd4 13. Ne4 c6 14. Bb2 Rf7
15. Nc5 Bxc5 16. bxc5 Nc8 17. Qa4 Rd7 18. Rfc1 Ne7 19. Rab1 Ba2 20. Ra1 Bd5 21.
Bh3 f5 22. Qxd4 Ng6 23. Qc3 Qg5 24. Rc2 Qh5 25. Bg2 Be6 26. f4 Rad8 27. Re1 Qh6
28. Ba1 Ne7 29. Qd2 Nd5 30. Rb1 Nf6 31. Bxf6 Qxf6 32. Qc3 Qe7 33. Rcb2 Rc7 34.
Qe5 Bc8 35. Qxe7 Rxe7 36. Kf2 Rd4 37. Rb4 Rd8 38. h4 Kf7 39. Ra4 a6 40. Rab4
Ke6 41. R1b2 h6 42. Bf3 Rg8 43. Rd4 Rd7 44. Rxd7 Kxd7 45. e4 g5 46. hxg5 hxg5
47. exf5 gxf4 48. g4 Ke7 49. Rb4 1-0

[Event "First Saturday FM-B March 2014"]
[Site "Budapest"]
[Date "2014.03.11"]
[Round "9.2"]
[White "Ongut, Tamas Gunes"]
[Black "Szurkos, Andras"]
[Result "1-0"]
[WhiteElo "1531"]
[BlackElo "1740"]
[PlyCount "119"]
[EventDate "2014.03.01"]

1. e4 e5 2. Nf3 Nc6 3. Bc4 Nd4 4. Nxd4 exd4 5. O-O d6 6. d3 Nf6 7. Nd2 Be6 8.
f4 Be7 9. Bxe6 fxe6 10. Nf3 c5 11. Bd2 O-O 12. Qe1 h6 13. g3 Rc8 14. b3 Qe8 15.
a4 Qh5 16. Qe2 e5 17. Kh1 Qf7 18. fxe5 Nh7 19. exd6 Bxd6 20. Nh4 Qe6 21. Nf5
Be5 22. Qg4 Kh8 23. Nxh6 Qxg4 24. Nxg4 Bf6 25. Nxf6 Nxf6 26. Bg5 Nh7 27. Be7
Rfe8 28. Bd6 Rc6 29. Bf4 Rf6 30. Bd2 Rfe6 31. Rf5 b6 32. Raf1 Kg8 33. Kg2 Nf6
34. Bg5 Nh7 35. h4 a6 36. a5 Rc8 37. axb6 Rxb6 38. Be7 Rbc6 39. Kf3 R6c7 40.
Bg5 Nf8 41. Kg4 Rc6 42. h5 Ne6 43. Re5 Nc7 44. Be7 Nb5 45. Rff5 Na3 46. Rxc5
Nxc2 47. Rxc6 Rxc6 48. Rc5 Ne3+ 49. Kf4 Rb6 50. Ke5 Rxb3 51. Kxd4 Nd1 52. e5
Nf2 53. Rc3 Rb7 54. Bd6 a5 55. e6 Ng4 56. Rc8+ Kh7 57. e7 Nf6 58. Rf8 Rb5 59.
Rxf6 gxf6 60. e8=Q 1-0

[Event "First Saturday FM-B March 2014"]
[Site "Budapest"]
[Date "2014.03.11"]
[Round "9.3"]
[White "Machlik, Endre"]
[Black "Jacobsen, Elise Sjottem"]
[Result "1-0"]
[WhiteElo "1763"]
[BlackElo "1672"]
[PlyCount "55"]
[EventDate "2014.03.01"]

1. d4 Nf6 2. c4 c5 3. d5 b5 4. Qc2 b4 5. e4 d6 6. a3 bxa3 7. Rxa3 g6 8. Nf3 Bg7
9. Be2 O-O 10. O-O Na6 11. Bd2 Bb7 12. Ba5 Qd7 13. Nc3 Nb4 14. Qa4 Rab8 15. e5
dxe5 16. Nxe5 Qf5 17. f4 e6 18. g4 Qc2 19. g5 Ne8 20. Bxb4 Qxa4 21. Rxa4 cxb4
22. Rxb4 Bxe5 23. fxe5 Ng7 24. Ne4 Rfd8 25. Nf6+ Kh8 26. Rf3 Nf5 27. Rh3 exd5
28. Rxh7# 1-0

[Event "First Saturday FM-B March 2014"]
[Site "Budapest"]
[Date "2014.03.11"]
[Round "9.4"]
[White "Jarai, Csenge"]
[Black "Greibrokk, Ingrid Andrea"]
[Result "0-1"]
[WhiteElo "1523"]
[BlackElo "1630"]
[PlyCount "122"]
[EventDate "2014.03.01"]

1. e4 c5 2. Nf3 d6 3. d4 cxd4 4. Nxd4 Nf6 5. f3 Nc6 6. c4 g6 7. Be3 Bg7 8. Qd2
O-O 9. Nc3 Bd7 10. Rc1 a6 11. Be2 Rc8 12. O-O Nxd4 13. Bxd4 Bc6 14. Be3 Nd7 15.
Rc2 Nc5 16. Rd1 Na4 17. b3 Nxc3 18. Rxc3 Bxc3 19. Qxc3 f6 20. Bh6 Qb6+ 21. Kf1
Rfd8 22. h4 Qc5 23. Qe1 b5 24. Qg3 Qe5 25. f4 Qxe4 26. Bd3 Qd4 27. f5 Be4 28.
fxg6 hxg6 29. Bc2 Qe5 30. Qxe5 dxe5 31. Rxd8+ Rxd8 32. Bxe4 Kh7 33. Be3 bxc4
34. bxc4 Rd1+ 35. Ke2 Ra1 36. Bd5 Rxa2+ 37. Kf3 a5 38. c5 Rc2 39. c6 e6 40. Be4
Rc3 41. Ke2 f5 42. Kd2 Rc4 43. Bd3 Rxc6 44. Bb5 Rd6+ 45. Kc3 Rd1 46. Bc4 e4 47.
Bf4 Rg1 48. g3 Kg7 49. Bxe6 Kf6 50. Bb3 Rf1 51. Kd4 Rf3 52. Bc4 a4 53. Be2 Rf2
54. Bg5+ Kg7 55. Ke3 a3 56. Bc4 a2 57. Bxa2 Rxa2 58. Bf4 Ra3+ 59. Ke2 Rf3 60.
Kd2 Rxf4 61. gxf4 Kh6 0-1

[Event "First Saturday FM-B March 2014"]
[Site "Budapest"]
[Date "2014.03.11"]
[Round "9.5"]
[White "Lakat, Gyula"]
[Black "Oberfrank, Istvan"]
[Result "1-0"]
[WhiteElo "1789"]
[BlackElo "1820"]
[PlyCount "30"]
[EventDate "2014.03.01"]

1. d4 Nf6 2. c4 g6 3. Nc3 Bg7 4. e4 d6 5. f4 O-O 6. h3 Re8 7. Nf3 Nbd7 8. Be3
Nf8 9. Qd2 c6 10. O-O-O Qa5 11. Kb1 a6 12. e5 dxe5 13. fxe5 Bf5+ 14. Ka1 Ne4
15. Nxe4 Bxe4 1-0